=LDR 00000nam 2200000 4500 =001 INLIS000000000036633 =005 20200803084015 =035 ##$$a 0010-061300000036633 =008 200803################g##########0#ind## =041 ##$$a ind =082 ##$$a 2x1,6 =100 1#$$a Mansur Syafi'in =245 1#$$a Ajaran dan Kisah dalam Al-Quran /$c Drs. Syafi'in Mansur =260 ##$$a Jakarta :$b PT. Raja Grafindo Persada,$c 1998 =850 ##$$a NBPNMAT =020 ##$$a 979-421690-9 =084 ##$$a 2x1,6 MAN a =250 ##$$a cet.1 =300 ##$$a x, 178 hlm., ; $c 10 x 18 cm =650 #4$$a Alquran =990 ##$$a 20700259